01254nam a2200289 i 4500001001000000003000900010005001700019007000300036008004100039040003000080082002900110100004900139245015800188264004200346300002800388336002700416337003300443338002800476500006400504500005600568500002200624504004000646650006100686650006900747651007800816651007000894000026255DO-SdBNP20231221105505.0ta110307e1978 dr 000 0 spa d aDO-SdBNPbspacBNPHUerda 4a304.897293073bP979e2221 aPuig Ortiz, José Augustod1915-1981eautor10aEmigración de libertos norteamericanos a Puerto Plata en la primera mitad del siglo XIX :bla iglesia metodista Wesleyana /cJosé Augusto Puig Ortiz. 1aSanto Domingo :bAlfa y Omega,c1978. a222 páginas ;c22 cm. 2rdacontentatextobtxt 2rdamediaasin mediaciónbn 2rdacarrieravolumenbnc aIncluye datos biográficos del autor en la contracubierta. aIncluye bibliografía y notas al pie de páginas. aIncluye índice. aBibliografía : páginas 199-202. 0aEstadounidenses en Puerto Plata (República Dominicana) 0aMetodismoxHistoriazPuerto Plata (República Dominicana{Rpara} 0aRepública DominicanaxEmigración e inmigraciónxHistoriaySiglo XIX 0aEstados UnidosxEmigración e inmigraciónxHistoriaySiglo XIX